000 00721nam a2200205 a 4500
005 20240911063931.0
008 050516s1962 mx r 000 0 spa d
035 _aUPN01000138636
049 _aCG
050 4 _aF1418
_bH5.7
245 0 0 _aHispanoamérica en lucha por su independencia /
_cMiguel Hidalgo ...[et al].
260 _aMéxico :
_bCuadernos Americanos,
_c1962.
300 _a349 p.
650 4 _aINTERVENCION (DERECHO INTERNACIONAL)
_917866
650 4 _aAutonomía nacional
_93095
651 4 _aAMERICA LATINA -
_xRELACIONES -
_zESTADOS UNIDOS
_93998
651 4 _aESTADOS UNIDOS -
_xRELACIONES -
_zAMERICA LATINA
_917517
700 1 _aHidalgo y Costilla, Miguel,
_d1753-1811
_ecoaut.
_916388
905 _aLibro
999 _c110784
_d110784